000 01468cam a22002174a 4500
005 20250605164214.0
008 250528s ||||||||||||||||||||||||d
035 _a20419
020 _a155628151
040 _aGR-AtMCL
_bgre
_dGR-AtMCL
_eAACR2
245 1 _aModern Rhetoric / Fourth Edition
260 _bHarcourt Brace Jovanovich, Publishers,
_c1979
300 _a402
505 0 _aPreface, Making a Beginning, Language and Thinking and Feeling and Rhetoric, The Problem of Making a Beginning, Prganizing the Composition, The Forms of Discourse, The Main Intention, The Methods of Exposition, Persuasion, Argument, Description, Narration, Special Problems of Discourse, The Paragraph and the Sentence, Diction, Metaphor, Tone and Other Aspects of Style, Research and Critical Papers, Preparation and Note-Taking, Writing a Research Paper, Index.
520 _aPreface, Making a Beginning, Language and Thinking and Feeling and Rhetoric, The Problem of Making a Beginning, Prganizing the Composition, The Forms of Discourse, The Main Intention, The Methods of Exposition, Persuasion, Argument, Description, Narration, Special Problems of Discourse, The Paragraph and the Sentence, Diction, Metaphor, Tone and Other Aspects of Style, Research and Critical Papers, Preparation and Note-Taking, Writing a Research Paper, Index.
700 1 _aBrooks Cleanth
_96404
700 1 _aPenn Warren Robert
_96405
942 _cBK
999 _c5528
_d5528